[Event "HUN-chT2 Asztalos 1617"]
[Site "Hungary"]
[Date "2017.02.12"]
[Round "8.5"]
[White "Wolosz, Janos"]
[Black "Forgacs, Attila"]
[Result "0-1"]
[WhiteElo "2074"]
[BlackElo "2112"]
[PlyCount "108"]
[EventDate "2016.09.25"]
[EventType "team-tourn"]
[EventRounds "11"]
[EventCountry "HUN"]
[SourceTitle "EXT 2021"]
[Source "ChessBase"]
[SourceDate "2020.10.23"]
[SourceVersion "1"]
[SourceVersionDate "2020.10.23"]
[SourceQuality "1"]
[WhiteTeam "Szentlorinc"]
[BlackTeam "Balatonfuered"]
[WhiteTeamCountry "HUN"]
[BlackTeamCountry "HUN"]

1. e4 c5 2. Nf3 d6 3. d4 Nf6 4. Nc3 cxd4 5. Nxd4 a6 6. g3 e5 7. Nde2 Be7 8. Bg2 0-0 9. 0-0 Be6 10. h3 Qc7 11. f4 b5 12. f5 Bc4 13. a3 Nbd7 14. g4 h6 15. Re1 Nb6 16. Ng3 d5 17. g5 hxg5 18. Bxg5 Rfd8 19. Bxf6 Bxf6 20. Qg4 d4 21. Nh5 Kf8 22. Nxf6 gxf6 23. Nd5 Nxd5 24. exd5 Bxd5 25. Bxd5 Rxd5 26. Qe4 Rad8 27. Qd3 Ke7 28. Re2 Rg8+ 29. Rg2 Rdd8 30. Re1 Rxg2+ 31. Kxg2 Qc6+ 32. Kf2 Rc8 33. Rc1 Qc4 34. Qxc4 bxc4 35. h4 Kd6 36. Kf3 c3 37. b4 Kd5 38. h5 e4+ 39. Ke2 Ke5 40. h6 Rh8 41. Rh1 Kxf5 42. a4 Ke5 43. b5 axb5 44. axb5 Kd6 45. b6 Kc6 46. Rd1 Rxh6 47. Rxd4 f5 48. Rc4+ Kxb6 49. Rxc3 Rh2+ 50. Ke1 f4 51. Rc8 e3 52. Re8 Rxc2 53. Re7 f5 54. Re5 Rc5 0-1

[Event "HUN-chT2 Asztalos 1617"]
[Site "Hungary"]
[Date "2016.11.27"]
[Round "5.6"]
[White "Marosvolgyi, Ferenc"]
[Black "Forgacs, Attila"]
[Result "0-1"]
[WhiteElo "1857"]
[BlackElo "2112"]
[PlyCount "96"]
[EventDate "2016.09.25"]
[EventType "team-tourn"]
[EventRounds "11"]
[EventCountry "HUN"]
[SourceTitle "EXT 2021"]
[Source "ChessBase"]
[SourceDate "2020.10.23"]
[SourceVersion "1"]
[SourceVersionDate "2020.10.23"]
[SourceQuality "1"]
[WhiteTeam "Marcali"]
[BlackTeam "Balatonfuered"]
[WhiteTeamCountry "HUN"]
[BlackTeamCountry "HUN"]

1. d4 c5 2. d5 Nf6 3. c4 b5 4. e3 e6 5. Nc3 b4 6. Na4 d6 7. Bd3 e5 8. e4 g6 9. Ne2 Bg7 10. b3 Bd7 11. Nb2 a5 12. f3 Nh5 13. a4 f5 14. Be3 Nf4 15. Bxf4 exf4 16. Qc2 0-0 17. 0-0-0 fxe4 18. Bxe4 Bf5 19. Bxf5 Rxf5 20. Nd3 Qg5 21. Ng1 Nd7 22. h4 Qf6 23. Ne2 Re8 24. Rde1 Re3 25. h5 Ne5 26. Nexf4 Rxe1+ 27. Rxe1 Rxf4 28. Nxe5 dxe5 29. hxg6 hxg6 30. Re4 Bh6 31. Kd1 Kf7 32. Qd3 Rxe4 33. fxe4 Qf2 34. Qf3+ Qxf3+ 35. gxf3 Kf6 36. Ke2 Kg5 37. Ke3 Kh4+ 38. Kf2 Kh3 39. d6 Bf8 40. d7 Be7 41. f4 exf4 42. Kf3 g5 43. e5 g4+ 44. Kxf4 g3 45. Kf5 g2 46. Ke6 Bd8 47. Kf7 g1Q 48. e6 Qg5 0-1

[Event "HUN-chT2 Asztalos 1617"]
[Site "Hungary"]
[Date "2016.10.09"]
[Round "2.6"]
[White "Javor, Sandor"]
[Black "Forgacs, Attila"]
[Result "1/2-1/2"]
[WhiteElo "2164"]
[BlackElo "2112"]
[PlyCount "84"]
[EventDate "2016.09.25"]
[EventType "team-tourn"]
[EventRounds "11"]
[EventCountry "HUN"]
[SourceTitle "EXT 2021"]
[Source "ChessBase"]
[SourceDate "2020.10.23"]
[SourceVersion "1"]
[SourceVersionDate "2020.10.23"]
[SourceQuality "1"]
[WhiteTeam "Baja"]
[BlackTeam "Balatonfuered"]
[WhiteTeamCountry "HUN"]
[BlackTeamCountry "HUN"]

1. f4 Nf6 2. Nf3 g6 3. d4 Bg7 4. e3 0-0 5. Bd3 c5 6. c3 d6 7. 0-0 Nc6 8. Bc2 cxd4 9. exd4 e5 10. fxe5 dxe5 11. Nxe5 Nxe5 12. dxe5 Ng4 13. Qxd8 Rxd8 14. Bb3 Nxe5 15. Na3 Bf5 16. h3 Rd7 17. Be3 a6 18. Nc4 Nxc4 19. Bxc4 Re8 20. Rfe1 Rde7 21. Kf2 Bf6 22. Bf4 Bh4+ 23. g3 Re4 24. Bd2 Bd8 25. Rxe4 Rxe4 26. Bd3 Re5 27. Bf4 Rd5 28. Bxf5 Rxf5 29. Ke3 g5 30. Bd6 Rd5 31. Bb8 f5 32. Ba7 Bc7 33. c4 Rd7 34. Rf1 f4+ 35. gxf4 Bxf4+ 36. Ke4 b5 37. Bd4 bxc4 38. Rf2 Kf7 39. h4 Ke6 40. hxg5 Bxg5 41. Rc2 Rc7 42. b3 c3 1/2-1/2

[Event "HUN-chT2 Asztalos 1617"]
[Site "Hungary"]
[Date "2016.09.25"]
[Round "1"]
[White "Illes, Attila"]
[Black "Forgacs, Attila"]
[Result "0-1"]
[WhiteElo "1973"]
[BlackElo "2112"]
[PlyCount "64"]
[EventDate "2016.09.25"]
[EventType "team-tourn"]
[EventRounds "11"]
[EventCountry "HUN"]
[SourceTitle "EXT 2021"]
[Source "ChessBase"]
[SourceDate "2020.10.23"]
[SourceVersion "1"]
[SourceVersionDate "2020.10.23"]
[SourceQuality "1"]
[WhiteTeam "Kaposvar Bastya"]
[BlackTeam "Balatonfuered"]
[WhiteTeamCountry "HUN"]
[BlackTeamCountry "HUN"]

1. Nf3 Nf6 2. g3 g6 3. Bg2 Bg7 4. 0-0 0-0 5. d4 d6 6. c4 Nc6 7. Nc3 a6 8. e4 Bg4 9. h3 Bxf3 10. Bxf3 Nd7 11. Be3 e5 12. d5 Ne7 13. Bg2 f5 14. Qd2 Nf6 15. Bg5 Qd7 16. Rae1 Rae8 17. Re2 Nh5 18. Bf3 Nf6 19. Bg2 fxe4 20. Bxf6 Bxf6 21. Nxe4 Nf5 22. Qd3 Nd4 23. Ree1 Qg7 24. b4 Be7 25. Rd1 g5 26. c5 h5 27. f4 Nf5 28. fxg5 Bxg5 29. h4 Bh6 30. Rxf5 Rxf5 31. Nxd6 cxd6 32. Qxf5 Qxg3 0-1

[Event "Gyor op-A 7th"]
[Site "Gyor"]
[Date "2016.07.10"]
[Round "9"]
[White "Forgacs, Attila"]
[Black "Csuta, Akos Koppany"]
[Result "0-1"]
[WhiteElo "2149"]
[BlackElo "2068"]
[PlyCount "112"]
[EventDate "2016.07.06"]
[EventType "swiss"]
[EventRounds "9"]
[EventCountry "HUN"]
[SourceTitle "EXT 2017"]
[Source "ChessBase"]
[SourceDate "2016.10.25"]
[SourceVersion "1"]
[SourceVersionDate "2016.10.25"]
[SourceQuality "1"]

1. e4 c5 2. Nf3 e6 3. d4 cxd4 4. Nxd4 Nc6 5. Nc3 Qc7 6. Be2 Nf6 7. Be3 Bb4 8. Ndb5 Qb8 9. a3 Be7 10. 0-0 0-0 11. f4 a6 12. Nd4 d6 13. Kh1 Nxd4 14. Bxd4 e5 15. Be3 b5 16. Nd5 Nxd5 17. Qxd5 Bb7 18. Qd3 Bc6 19. f5 Qb7 20. Bf3 Rfd8 21. Rad1 Rd7 22. b3 Rc8 23. g4 h6 24. Rg1 Bg5 25. Bxg5 hxg5 26. h4 gxh4 27. g5 Kf8 28. f6 g6 29. Rg4 Ke8 30. Rxh4 Kd8 31. Rh8+ Kc7 32. Rxc8+ Qxc8 33. Kg2 Rd8 34. Kg3 Qa8 35. c4 Qa7 36. b4 Qa8 37. Rc1 Qb7 38. Qb3 Kb8 39. c5 dxc5 40. Rxc5 Bxe4 41. Qc3 Bxf3 42. Qxf3 Qd7 43. Rxe5 Rh8 44. Qf4 Qc7 45. Kf3 Rh3+ 46. Kg2 Rh8 47. Kf3 Rh3+ 48. Kg2 Rh8 49. Re4 Rd8 50. Qxc7+ Kxc7 51. Re5 Kd6 52. Rc5 Re8 53. Rc2 Re5 54. Rd2+ Rd5 55. Re2 Rxg5+ 56. Kh3 Rf5 0-1

[Event "Gyor op-A 7th"]
[Site "Gyor"]
[Date "2016.07.08"]
[Round "4"]
[White "Forgacs, Attila"]
[Black "Margl, Roland"]
[Result "1/2-1/2"]
[WhiteElo "2149"]
[BlackElo "2096"]
[PlyCount "92"]
[EventDate "2016.07.06"]
[EventType "swiss"]
[EventRounds "9"]
[EventCountry "HUN"]
[SourceTitle "EXT 2017"]
[Source "ChessBase"]
[SourceDate "2016.10.25"]
[SourceVersion "1"]
[SourceVersionDate "2016.10.25"]
[SourceQuality "1"]

1. e4 e6 2. d4 d5 3. Nc3 Nf6 4. e5 Nfd7 5. f4 c5 6. Nf3 Nc6 7. Be3 a6 8. Qd2 b5 9. Nd1 cxd4 10. Nxd4 Nxd4 11. Bxd4 Nc5 12. Nf2 Qc7 13. c3 Be7 14. Be2 Bd7 15. 0-0 a5 16. Qe3 Rc8 17. Rac1 Qb7 18. Bf3 h6 19. Kh1 Rg8 20. b4 axb4 21. cxb4 Na6 22. Rxc8+ Qxc8 23. Rc1 Qb7 24. a3 g6 25. Nd3 Kf8 26. Nc5 Nxc5 27. Bxc5 Bxc5 28. Rxc5 Kg7 29. Qc3 Ra8 30. Bxd5 exd5 31. e6+ Kg8 32. exd7 Qxd7 33. h3 d4 34. Qd3 Rb8 35. f5 g5 36. h4 Qd6 37. Qe4 Rd8 38. Qd3 Re8 39. Rc1 Qf4 40. Rf1 Qxh4+ 41. Kg1 Re5 42. Qc2 Qe4 43. Qc8+ Re8 44. Qa6 Qe3+ 45. Kh1 Re4 46. g3 Rh4+ 1/2-1/2

[Event "HUN-chT2 Charousek 1516"]
[Site "Hungary"]
[Date "2016.04.17"]
[Round "9.6"]
[White "Bihercz, Gabor"]
[Black "Forgacs, Attila"]
[Result "1-0"]
[WhiteElo "2161"]
[BlackElo "2220"]
[PlyCount "65"]
[EventDate "2015.10.18"]
[EventType "team-tourn"]
[EventRounds "9"]
[EventCountry "HUN"]
[SourceTitle "EXT 2017"]
[Source "ChessBase"]
[SourceDate "2016.10.25"]
[SourceVersion "1"]
[SourceVersionDate "2016.10.25"]
[SourceQuality "1"]
[WhiteTeam "Komlo"]
[BlackTeam "Balatonfuered"]
[WhiteTeamCountry "HUN"]
[BlackTeamCountry "HUN"]

1. e4 c5 2. Nf3 e6 3. d4 cxd4 4. Nxd4 Nf6 5. Nc3 d6 6. Bg5 a6 7. f4 Nc6 8. Nxc6 bxc6 9. e5 h6 10. Bxf6 gxf6 11. exd6 Qxd6 12. Qf3 f5 13. Rd1 Qc5 14. b4 Qb6 15. a3 Bb7 16. Na4 Qc7 17. Qe3 Rg8 18. Rg1 a5 19. Nc5 axb4 20. axb4 Bxc5 21. bxc5 Ra4 22. c4 Qa5+ 23. Kf2 Ke7 24. Be2 Qc7 25. Rd6 Raa8 26. Rgd1 Rad8 27. Qe5 Qb8 28. Bh5 Qc8 29. g3 f6 30. Qd4 Rgf8 31. Re1 Ba6 32. Bg6 e5 33. fxe5 1-0

[Event "HUN-chT2 Charousek 1516"]
[Site "Hungary"]
[Date "2016.04.03"]
[Round "8.8"]
[White "Forgacs, Attila"]
[Black "Buzeti, Jernej"]
[Result "0-1"]
[WhiteElo "2220"]
[BlackElo "2189"]
[PlyCount "76"]
[EventDate "2015.10.18"]
[EventType "team-tourn"]
[EventRounds "9"]
[EventCountry "HUN"]
[SourceTitle "EXT 2017"]
[Source "ChessBase"]
[SourceDate "2016.10.25"]
[SourceVersion "1"]
[SourceVersionDate "2016.10.25"]
[SourceQuality "1"]
[WhiteTeam "Balatonfuered"]
[BlackTeam "SZASTE"]
[WhiteTeamCountry "HUN"]
[BlackTeamCountry "HUN"]

1. e4 c5 2. Nf3 d6 3. d4 cxd4 4. Nxd4 Nf6 5. Nc3 a6 6. Be3 e5 7. Nb3 Be7 8. f3 Be6 9. Qd2 0-0 10. 0-0-0 Nbd7 11. g4 b5 12. g5 b4 13. Ne2 Ne8 14. f4 a5 15. f5 Bxb3 16. cxb3 a4 17. bxa4 Rxa4 18. b3 Ra5 19. Kb1 d5 20. exd5 Bc5 21. Nc1 Nd6 22. Bg2 Qb6 23. Bxc5 Nxc5 24. Rhe1 Nb5 25. d6 Nc3+ 26. Ka1 Nxa2 27. Qxa2 Rxa2+ 28. Kxa2 Nb7 29. Re2 Rc8 30. Kb1 Kf8 31. h4 Rd8 32. h5 Nc5 33. Rxe5 Rxd6 34. Red5 Rxd5 35. Rxd5 Nxb3 36. f6 Nxc1 37. Kxc1 gxf6 38. gxf6 Qxf6 0-1

[Event "HUN-chT2 Charousek 1516"]
[Site "Hungary"]
[Date "2016.03.20"]
[Round "7.8"]
[White "Szabo, Richard"]
[Black "Forgacs, Attila"]
[Result "1-0"]
[WhiteElo "2190"]
[BlackElo "2220"]
[PlyCount "93"]
[EventDate "2015.10.18"]
[EventType "team-tourn"]
[EventRounds "9"]
[EventCountry "HUN"]
[SourceTitle "EXT 2017"]
[Source "ChessBase"]
[SourceDate "2016.10.25"]
[SourceVersion "1"]
[SourceVersionDate "2016.10.25"]
[SourceQuality "1"]
[WhiteTeam "Decs 1990"]
[BlackTeam "Balatonfuered"]
[WhiteTeamCountry "HUN"]
[BlackTeamCountry "HUN"]

1. c4 Nf6 2. Nc3 g6 3. g3 Bg7 4. Bg2 e5 5. e4 d6 6. Nge2 Nc6 7. 0-0 0-0 8. d3 h6 9. a3 a5 10. Rb1 Be6 11. b4 axb4 12. axb4 Qd7 13. b5 Ne7 14. Nd5 Nexd5 15. cxd5 Bh3 16. Qb3 Bxg2 17. Kxg2 b6 18. Bd2 Ra7 19. Ra1 Rfa8 20. Rxa7 Rxa7 21. Rc1 Ne8 22. Qc4 f5 23. f4 fxe4 24. dxe4 Kh7 25. Rf1 Qe7 26. f5 gxf5 27. Rxf5 Nf6 28. h3 Qe8 29. g4 Qg6 30. Ng3 Ra3 31. Be1 Ra7 32. Bf2 Qe8 33. Be3 Qa8 34. Rf2 Ra3 35. Bc1 Ra1 36. g5 hxg5 37. Bxg5 Ne8 38. Qe2 Kg8 39. Qh5 Ra2 40. Qf7+ Kh8 41. Ne2 Qc8 42. Ng3 Qa8 43. Nf5 Rxf2+ 44. Kxf2 Qa2+ 45. Kg3 Qb3+ 46. Kh4 Qxb5 47. Ne7 1-0